000 00282nam a2200133Ia 4500
100 _aDeshpande/G.B. & S.G.
942 _cRB
654 _afluid
245 _aTextbook of fluid mechanics
260 _bEverest Pub
_c1998
082 _a532
_bDES
300 _a638
546 _aENGLISH
999 _c23284
_d23284